书目信息 |
| 题名: |
实用晶体管电路设计
|
|
| 作者: | 高桥健二 编著 ;赵长奎 译 | |
| 分册: | ||
| 出版信息: | 北京 国防工业出版社 1974 |
|
| 页数: | 327页 | |
| 开本: | 19cm | |
| 丛书名: | ||
| 单 册: | ||
| 中图分类: | TN402 | |
| 科图分类: | ||
| 主题词: | 微电子技术 , 集成电路 | |
| 电子资源: | ||
| ISBN: | ||
| 000 | 00638nam0 2200217 45 | |
| 001 | 0405191409 | |
| 005 | 20060720082848.14 | |
| 010 | @dCNY0.83 | |
| 091 | @a15034.1388 | |
| 100 | @a20040519d1974 km y0chiy0120 ea | |
| 101 | 0 | @achi@cjpn |
| 200 | 1 | @a实用晶体管电路设计@AShi Yong Jing Ti Guan Dian Lu She Ji@f(日)高桥健二编著@F(Ri)Gao Qiao Jian Er Bian Zhu@g赵长奎等译 |
| 210 | @a北京@c国防工业出版社@d1974 | |
| 215 | @a327页@d19cm | |
| 606 | 0 | @a微电子技术 |
| 606 | 0 | @a集成电路 |
| 690 | @aTN402@v3 | |
| 701 | 0 | @a高桥健二@4编著 |
| 702 | 0 | @a赵长奎@AZhao Chang Kui@4译 |
| 801 | @aCN@bTSTCL@c20060720 | |
| 905 | @f2@b8685-686@dTN402@e5 | |
| 实用晶体管电路设计/(日)高桥健二编著/赵长奎等译.-北京:国防工业出版社,1974 |
| 327页;19cm |
| ISBN :CNY0.83 |
| ● |
| 相关链接 |
|
|
|
|
正题名:实用晶体管电路设计
索取号:TN402/5
 
预约/预借
| 序号 | 登录号 | 条形码 | 馆藏地/架位号 | 状态 | 备注 |
| 1 | 0008685 | 001352226 | 密集书库/ [索取号:TN402/5] | 在馆 | |
| 2 | 0008686 | 001352618 | 第三借阅区/ [索取号:TN402/5] | 在馆 | |
| 3 | 0008805 | 001352182 | 密集书库/ [索取号:TN402/5] | 在馆 | |
| 4 | 0008806 | 001352574 | 第二样本阅览室/ [索取号:TN402/5] | 在馆 | |
| 5 | 0432193 | 204321938 | 密集书库/ [索取号:TN402/5] | 在馆 | |
| 6 | 0437533 | 204375336 | 密集书库/ [索取号:TN402/5] | 在馆 | |
| 7 | 0437877 | 204378770 | 密集书库/ [索取号:TN402/5] | 在馆 |